000
00310 a2200109 4500
001
ART_33045
005
20260410161926.0
008
260409a
245
1
0
_a
Riesgo operacional en entidades financieras
100
1
_a
Blanco, Alejandro
773
0
_t
Lecturas
_g
- NÂș 14 (ene. 2010)
_w
REV19328
999
_c
28179
_d
28179